000 02289nam a2200457 c 4500
003 BLK
005 20230914093024.0
008 180409b bul|||||r ||||||| ||bul||
010 _aKNG00143192000
020 _a978-954-92951-3-1
_bиздат.: Фонд. Поддържане на изкуството в България
040 _aBLK
041 _aBUL
_cBUL
072 7 _2bullib
_aН70
_xИзкуства Н
080 _aИзобразителни изкуства и художествени занаяти
_b73/76
_x:061.25(497.2)(091)
_z73/76:061.25(497.2)(091)
100 1 _aРангелова, Бистра Симеонова
_eпърви автор
_9325749
700 1 _aГрозданов, Димитър
_eсъстав.
_9325750
139 _a[Сто и двадесет] 120 години българско изкуство
_bС 77
245 1 0 _a[Сто и двадесет] 120 години българско изкуство
_b1892 - 2012 : Дружества, съюзи, групи
_cБистра Симеонова Рангелова; състав. Димитър Грозданов.
257 _aBGR
260 София
_bФонд. Поддържане на изкуството в България
_c2012
_fСофия : Алианс принт
300 _a364 с.
_bс ил.
_c28 см
380 _a7
500 _aИндекс на личните имена.
650 4 _aБългария - изобразителни изкуства
_9280117
650 4 _aИзобразително изкуство - България - групи, дружества, съюзи и други обединения
_9313901
650 4 _aИзобразително изкуство - България - история
_9246296
651 4 _aБългария
_9241624
653 _aбългарско изкуство
653 _aизобразително изкуство
653 _aдружества
653 _aсъюзи
653 _aгрупи
653 _aистория
659 _aН
852 _aЦб ІІ 17908
856 4 _qpdf
_u
856 4 _qpdf
_u
942 _cKNG
_n0
_03
944 _aCR
_c28.05.2013
_lРусанова Ирена
_k30542
944 _aED
_c30.11.2015
_lф /
_kПенка_Димитрова
999 _c137226
_d137226